000 00536nam a2200193Ia 4500
003 GCL
008 140319s9999 xx 000 0 ara d
040 _aGCL /
_cGCL
082 0 4 _a320.51
_bهـ ا
100 1 _aهوبسون , ح.ا
245 1 0 _aالامبريالية /
_cهوبسون , ح.ا
300 _a408 ص
490 _a
650 0 4 _aالعلوم السياسية
650 0 4 _aالمذاهب السياسية
650 0 4 _aالامبريالية
650 0 4 _aالامبريالية الغربية
942 _2ddc
_cBK
999 _c39982
_d39982